গঙ্গাঋদ্ধি থেকে বাংলাদেশ / (Record no. 7199)
[ view plain ]
| 000 -LEADER | |
|---|---|
| fixed length control field | 00722nam a2200217 a 4500 |
| 003 - CONTROL NUMBER IDENTIFIER | |
| JCCL marc code | BD-JhCC |
| 005 - DATE AND TIME OF LATEST TRANSACTION | |
| control field | 20180303130640.0 |
| 008 - FIXED-LENGTH DATA ELEMENTS--GENERAL INFORMATION | |
| fixed length control field | 180206b2008 bg a|||| |||| 000 0 d |
| 020 ## - INTERNATIONAL STANDARD BOOK NUMBER | |
| International Standard Book Number | 9840746790 |
| 035 ## - SYSTEM CONTROL NUMBER | |
| system control number | (BD-JhCC) |
| 040 ## - CATALOGING SOURCE | |
| Original cataloging agency | BD-JhCC |
| Modifying agency | BD-JhCC |
| 041 ## - LANGUAGE CODE | |
| Language code of Book | bg |
| 082 ## - DEWEY DECIMAL CLASSIFICATION NUMBER | |
| Classification number | 954.92 |
| Author mark and Year | RAH 2008 |
| 100 ## - MAIN ENTRY--PERSONAL NAME | |
| Personal name | রহমান, মুহাম্মদ হাবিবুর |
| 245 ## - TITLE STATEMENT | |
| Title | গঙ্গাঋদ্ধি থেকে বাংলাদেশ / |
| Statement of responsibility, etc | মুহাম্মদ হাবিবুর রহমান |
| 260 ## - PUBLICATION, DISTRIBUTION, ETC. (IMPRINT) | |
| Place of publication, distribution, etc | ঢাকা / |
| Name of publisher, distributor, etc | বাংলা একাডেমি ; |
| Date of publication, distribution, etc | 2008 . |
| 300 ## - PHYSICAL DESCRIPTION | |
| Pagination | 372 p |
| Other physical details | ill |
| Dimensions | 22 cm |
| 651 ## - SUBJECT ADDED ENTRY--GEOGRAPHIC NAME | |
| Geographic name | Bangladesh |
| Form subdivision | History |
| 942 ## - ADDED ENTRY ELEMENTS (KOHA) | |
| Source of classification or shelving scheme | Dewey Decimal Classification |
| Koha item type | Books |
| Source of classification or shelving scheme | Damaged status | Not for loan | Home library | Current library | Date of accession | Cost, normal purchase price | Total Checkouts | Full call number | Barcode | Date last seen | Copy number | Koha item type |
|---|---|---|---|---|---|---|---|---|---|---|---|---|
| Dewey Decimal Classification | JCC Rouf Library | JCC Rouf Library | 02/06/2018 | 200.00 | 954.92 RAH 2008 | 9710 | 02/06/2018 | C-1 | Books |